| 000 | 00650nam a2200229Ia 4500 | ||
|---|---|---|---|
| 005 | 20250508163742.0 | ||
| 008 | 008 250505s9999 xx 000 0 eng d | ||
| 020 | _a0304-33990-3 | ||
| 037 | _aReference | ||
| 040 |
_aFEDL _beng _cFEDL |
||
| 041 |
_aeng _2eng |
||
| 084 |
_a370.152 3, ASK _qFEDL |
||
| 100 |
_aAskew Susan _9776200 |
||
| 245 | 0 | _aTransforming learning: Individual and global change | |
| 260 |
_aLondon, UK _bCassell _c1998 |
||
| 300 | _aix,197p | ||
| 365 |
_aGBP _b16.99 |
||
| 650 | _aEducation; Learning | ||
| 700 |
_a Carnell Eileen _9776201 |
||
| 942 |
_cREF _h370.152 3, ASK |
||
| 999 |
_c1385072 _d1385072 |
||